College Quizbowl Stats
College Quizbowl Stats
Circuits
Seasons
Sets
Records
Detailed Stats
About
Loading...
2023 ARCADIA at Maryland
Tossups
Bonuses
Players
Teams
Categories (Tossup)
Categories (Bonus)
Andrew Amygdalos
George Washington A
Categories
Category
Powers
Gets
Negs
BBs
Points
Earliest Buzz
Avg. Buzz
First Buzzes
Top 3 Buzzes
BPA
PVF
Beliefs
0
1
0
1
10
128
128.00
0
1
0.00
0.00
Science - Chemistry
0
1
0
1
10
116
116.00
0
1
0.00
0.00
Social Science
0
1
0
0
10
92
92.00
0
1
0.00
0.00
Science - Biology
0
0
0
0
0
0.00
0
0
0.00
0.00
0
0
1
0
-5
0.00
0
0
0.00
0.00
Buzzes
Category
Answer
Value
Buzz Position
Social Science
democracies
10
92
falcons
-5
95
Science - Chemistry
hydrophobicity
10
116
Beliefs
Caesarian section
10
128
Science - Biology
opsins
0
135
Previous
1
Next